| 000 | 00583nam a2200193Ia 4500 | ||
|---|---|---|---|
| 008 | 120323t2004 xxu||||| |||| 00| 0 sin d | ||
| 041 | _asin | ||
| 080 |
_a8-31 (eng) _bDAH |
||
| 100 | _aDahl,Roald | ||
| 245 | _aඅරුම පුදුම පීච් ගෙඩිය | ||
| 246 | _aAruma Puduma Peach gediya | ||
| 260 |
_aSamayawardena _aColombo _c2004 |
||
| 300 | _b156p, 21 cm | ||
| 500 | _aSinhalese Translation of Roald Dahl's of James and the Giant Peach | ||
| 700 |
_aUbayasekara,Upali _etr. |
||
| 942 | _cBK | ||
| 999 |
_c40848 _d40848 |
||
| 003 | LK-CoDNM | ||
| 040 |
_aLK-CoDNM _dLK-CoDNM _eLK-CoDNM |
||